000 00594nam a2200229Ia 4500
003 OSt
005 20221007070906.0
006 a|||||r|||| 00| 0
007 ta
008 221006b |||||||| |||| 00| 0 eng d
024 _a11,863
037 _cTextual
040 _aFLL
_cFLL
_beng
041 _2eng
_aeng
082 _aV2:2:9Z, G6
100 _aAnand C.L. Au.
245 0 _aGovernment of india
260 _aKacheri
_bRoad University book agency India
_c1936
300 _a289p
_ccm.
942 _hV2:2:9Z, G6
_cTEXL
_2CC
999 _c1141824
_d1141824